| 000 | 00869cam a22002531 4500 | ||
|---|---|---|---|
| 001 | med47002006 | ||
| 003 | DLC | ||
| 005 | 20260227111604.0 | ||
| 008 | 780525s1947 cauac 000 0 eng c | ||
| 010 | _amed47002006 | ||
| 035 | _a(OCoLC)3928687 | ||
| 040 |
_aU. S. Army Medical Libr. _cCCC _dDLC |
||
| 042 | _apremarc | ||
| 050 | 0 | 0 |
_aR15.A345 _bS4 |
| 082 | _a610.62794 | ||
| 100 | 1 |
_aShutes, Milton H. _q(Milton Henry), _d1883- |
|
| 245 | 0 | 2 | _aA history of the Alameda County Medical Association. |
| 260 |
_a[Oakland, Calif.] _bThe Alameda County Medical Association, _c1946 [i.e. 1947] |
||
| 300 |
_a137 _billus., ports. _c23 cm. |
||
| 500 | _aBased on materials gathered by Dr. Frank R. Makinson. | ||
| 610 | 1 | 0 | _aAlameda County Medical Association. |
| 650 | 0 |
_aMedicine _zCalifornia _zAlameda County _xHistory. |
|
| 700 | 1 |
_aMakinson, Frank Roscoe, _d1885-1943. |
|
| 999 |
_c38485 _d38485 |
||